Dicionário sentimental de Diamantino / (Record no. 681)

MARC details
000 -LÍDER
Campo Fixo de Controle 00702nam a2200229 a 4500
001 - NÚMERO DE CONTROLE
Campo de Controle 681
003 - IDENTIFICAÇÃO DO NÚMERO DE CONTROLE
Campo de Controle BR-CuiBMT
005 - DATA E HORA DA ÚLTIMA ATUALIZAÇÃO
Campo de Controle 20231130230728.0
008 - DADOS FIXOS
Dados Fixos 231113s2017 mtba 000 0 por d
040 ## - AGÊNCIA CATALOGADORA
Código da Agência Catalogadora BR-CuiBMT
Agência que transcreveu o registro BR-CuiBMT
080 ## - Nº DA CLASSIFICAÇÃO DECIMAL UNIVERSAL
Nº edição CDU 2007
Nº Class. CDU 94
Subd. Auxiliar Comum (817.2)
090 ## - NÚMERO DE CHAMADA
Nº classificação 94(817.2)
Cutter B421d
Ano/Edição 3.ed.
100 10 - ENTRADA PRINCIPAL -- AUTOR PESSOAL
Nome pessoal Behr, Nicolas,
Datas associadas ao nome 1958-
245 00 - TÍTULO PRINCIPAL
Título principal Dicionário sentimental de Diamantino /
Indicação de responsabilidade Nicolas Behr .
250 ## - EDIÇÃO
Edição 3. ed.
260 ## - PUBLICAÇÃO, DISTRIBUIÇÃO, ETC.
Local de publicação Brasília :
-- Diamantino,
Editora Teixeira,
Data 2016.
300 ## - DESCRIÇÃO FÍSICA
N. páginas ou volumes 174 p. :
Ilustrações il. ;
Dimensões 23 cm
650 ## - ASSUNTO TÓPICO
Cabeçalho tópico ou nome geográfico Diamantino (MT), 1958-1968
Subdivisão geral História
650 ## - ASSUNTO TÓPICO
Cabeçalho tópico ou nome geográfico Diamantino (MT), 1958-1968
Subdivisão geral Memórias
650 ## - ASSUNTO TÓPICO
Cabeçalho tópico ou nome geográfico Diamantino (MT), 1958-1968
Subdivisão geral Lendas
942 ## - ELEMENTOS DE ENTRADA ADICIONAIS (KOHA)
Fonte de classificação ou esquema de arquivamento Classificação Decimal Universal
Tipo de item do Koha Livros
Holdings
Estado: removido Estado: perdido Fonte de classificação ou esquema de arquivamento Estado: danificado Indisponível para empréstimo Localização permanente Localização atual Data de aquisição Total Checkouts Número de Chamada completo Código de barras Date last seen Número do exemplar Preço efetivo a partir de Tipo de item (Koha)
    Classificação Decimal Universal     Biblioteca da Escola Superior de Contas do TCE/MT Biblioteca da Escola Superior de Contas do TCE/MT 30/11/2023   94(817.2) B421d 3. ed. BIBTCEMT23111417 30/11/2023 Ex. 1 30/11/2023 Livros
    Classificação Decimal Universal     Biblioteca da Escola Superior de Contas do TCE/MT Biblioteca da Escola Superior de Contas do TCE/MT 05/12/2023   94(817.2) B421d 3. ed. BIBTCEMT23120208 05/12/2023 Ex. 2 05/12/2023 Livros
    Classificação Decimal Universal     Biblioteca da Escola Superior de Contas do TCE/MT Biblioteca da Escola Superior de Contas do TCE/MT 05/12/2023   94(817.2) B421d 3. ed. BIBTCEMT23120209 05/12/2023 Ex. 3 05/12/2023 Livros

Powered by Koha